| 000 | 00772nam-a2200205-a-4500 | ||
|---|---|---|---|
| 001 | YSU0163013 | ||
| 003 | AM-YeHGA | ||
| 005 | 20250617153111.0 | ||
| 008 | 981120s1978 xxu 000 0 rus u | ||
| 040 | _aAM-YeHGA | ||
| 245 | 1 | 0 |
_aСовременные проблемы геологии БССР : _bСборник научных трудов / _cРед. колл.: В.К. Голубцов, З.А. Горелик(отв. ред.) А.В. Матвеев |
| 260 | 0 |
_aМинск : _bБелНИГРИ , _c1978. |
|
| 300 |
_a146 с. _bи _b0@BK _c., |
||
| 650 | 4 | _aБелорусская СС | |
| 650 | 4 | _aГеология | |
| 700 | 1 | 0 |
_aГолубцов, В.К. _4edt |
| 700 | 1 |
_aГорелик, З.А. _4edt |
|
| 700 | 1 |
_aМатвеев, А.В. _4edt |
|
| 090 | _c386166 | ||
| 999 |
_c384199 _d384199 |
||